| 000 | 01048cam a2200193Ki 4500 | ||
|---|---|---|---|
| 082 | 0 | 4 |
_a621.56 _bAND _cL-8, P-9 |
| 100 | 1 |
_aAnderson, Edwin P., _941838 |
|
| 245 | 1 | 0 |
_aAudels refrigeration and air conditioning guide for engineers, servicemen, shop men & users _ba practical treatise covering the basic principles, servicing, operation and repair of 1. Household refrigeration units. 2. Special refrigeration machines. 3. Commercial-industrial plants. 4. Air conditioning systems / _cby Edwin P. Anderson. |
| 260 |
_aNew York, N.Y. : _bT. Audel & Co., _c[1944] |
||
| 300 |
_a1 online resource (10 p. l., 1242 (i.e. 1248) p. incl. front) : _bill., tables, diagrs. |
||
| 490 | 0 | _aHalf-title: Audels helping hand books for mechanics | |
| 526 |
_a0 _b0 _c0 _d621_560000000000000_AND |
||
| 526 |
_a0 _b0 _c0 _d621_560000000000000_AND |
||
| 650 | 0 |
_aAir conditioning. _919032 |
|
| 650 | 0 |
_aMCE _9379 |
|
| 650 | 0 |
_aRefrigeration and refrigerating machinery. _919031 |
|
| 856 | 4 | 0 | _uhttp://catalog.hathitrust.org/api/volumes/oclc/1275813.html |
| 942 |
_2ddc _cBK |
||
| 999 |
_c545911 _d545911 |
||